000 00279nam a2200109Ia 4500
008 190914s9999||||xx |||||||||||||| ||und||
100 _aGerald M. Meier
245 0 _aLeading Issues in Economic Development
260 _aNew Delhi
_bMcGraw Hill
_c1998
300 _a160
942 _cBK
999 _c8383
_d8383